[Event "Winnipeg TNT March op"]
[Site "Winnipeg"]
[Date "2018.03.13"]
[Round "2"]
[White "Letain, Cory"]
[Black "Gerona, Joshua"]
[Result "1/2-1/2"]
[WhiteElo "1714"]
[BlackElo "1937"]
[PlyCount "65"]
[EventDate "2018.03.06"]
[EventType "swiss"]
[EventRounds "4"]
[EventCountry "CAN"]
[SourceTitle "EXT 2022"]
[Source "ChessBase"]
[SourceDate "2021.10.06"]
[SourceVersion "1"]
[SourceVersionDate "2021.10.06"]
[SourceQuality "1"]

1. e4 c5 2. Nf3 g6 3. d4 cxd4 4. Nxd4 Bg7 5. Nc3 d6 6. Be3 Nf6 7. f3 0-0 8. Bc4 Bd7 9. Qd2 Nc6 10. 0-0-0 a6 11. g4 Ne5 12. Be2 Rc8 13. Kb1 b5 14. g5 b4 15. Nd5 Nxd5 16. exd5 Nc4 17. Bxc4 Rxc4 18. b3 Rc3 19. h4 Bf5 20. Nxf5 gxf5 21. h5 Qa5 22. g6 Rfc8 23. gxf7+ Kxf7 24. Rc1 Qa3 25. Bd4 R8c5 26. Rhg1 Ra5 27. Rxg7+ Kf8 28. Rg8+ Kxg8 29. Qg5+ Kf7 30. Qg7+ Ke8 31. Qg8+ Kd7 32. Qe6+ Ke8 33. Qg8+ 1/2-1/2

[Event "Winnipeg Rosenbloom Memorial"]
[Site "Winnipeg"]
[Date "2017.12.19"]
[Round "7"]
[White "Gerona, Joshua"]
[Black "Magyar, Peter"]
[Result "1-0"]
[WhiteElo "1995"]
[BlackElo "1506"]
[PlyCount "117"]
[EventDate "2017.11.07"]
[EventType "swiss"]
[EventRounds "7"]
[EventCountry "CAN"]
[SourceTitle "EXT 2022"]
[Source "ChessBase"]
[SourceDate "2021.10.06"]
[SourceVersion "1"]
[SourceVersionDate "2021.10.06"]
[SourceQuality "1"]

1. d4 e6 2. e4 d5 3. exd5 exd5 4. Nf3 Bd6 5. Be2 Nf6 6. Bg5 h6 7. Bh4 Bg4 8. 0-0 Nbd7 9. Nbd2 0-0 10. Re1 Qc8 11. c3 a6 12. Qc2 Re8 13. Bd3 Be6 14. Re2 c6 15. Rae1 Qc7 16. Bf5 Bxf5 17. Qxf5 Rxe2 18. Rxe2 Re8 19. Rxe8+ Nxe8 20. Bg3 Bxg3 21. hxg3 Nef6 22. Ne5 c5 23. Nef3 Qc6 24. dxc5 Nxc5 25. Nd4 Qe8 26. N2f3 Ncd7 27. g4 g6 28. Qf4 Kg7 29. g5 hxg5 30. Qxg5 Qe4 31. Qd2 Ng4 32. Nc2 f6 33. Nfd4 Kf7 34. f3 Qf5 35. fxg4 Qxg4 36. Qe2 Qf4 37. Qe6+ Kf8 38. Qe3 Qg4 39. Qf3 Qh4 40. Qxd5 Ke8 41. Qg8+ Nf8 42. Ne6 Qh6 43. Qxf8+ Qxf8 44. Nxf8 Kxf8 45. Kf2 Ke7 46. Ke3 f5 47. Kf4 b5 48. Kg5 Kf7 49. Nd4 f4 50. Kxf4 Kf6 51. g4 a5 52. Nxb5 g5+ 53. Ke4 Ke6 54. c4 Kd7 55. Kf5 Kc6 56. Kxg5 Kc5 57. Na3 a4 58. Kf6 Kd6 59. g5 1-0